Development in a divided world/
| Format: | Book |
|---|---|
| Language: | English |
| Published: |
Harmondsworth:
Penguin Books,
1971
|
| LEADER | 00472nam a22000857a 4500 | ||
|---|---|---|---|
| 008 | 190614s1971 ENG||||| |||| 00| 0 eng d | ||
| 952 | |0 0 |1 0 |2 ddc |4 0 |6 338_000000000000000_DUD_ΣΥ_Κ |7 0 |9 233109 |a ARCH |b ARCH |c DON |d 2019-06-14 |i 013079 |l 0 |o 338 DUD ΣΥ.Κ |p 025000213038 |r 2019-06-14 00:00:00 |t 1 |w 2019-06-14 |y BKD |z ΣΥΛΛΟΓΗ ΚΑΣΙΜΑΤΗ | ||
| 999 | |c 141509 |d 141509 | ||
| 245 | 1 | 0 | |a Development in a divided world/ |c edited by Dudley Seers and Leonard Joy. |
| 260 | |a Harmondsworth: |b Penguin Books, |c 1971 | ||